00489nmm a2200157Ia 4500008004100000020001800041041000800059100001800067245003600085264008800121300001600209650003000225856005200255942000700307999001700314251105s9999||||xx |||||||||||||||||und|| a9788412437867 aspa aMartin, D. O. 0aViorel. Senda a la hechicería a[Madrid, España] :bEdiciones Arcanas, c[Fecha de publicación no identificada] a0 páginas aScience fiction & Fantasy uhttps://public.digitaliapublishing.com/a/119574 cCF c76249d76249